5HLuxD.jpg

KING HENRY VIII SENIOR AND PRIMARY SCHOOL LIBRARY OPAC

Girl in a cage / (Record no. 36)

000 -LEADER
fixed length control field 01082cam a2200289Ia 4500
001 - CONTROL NUMBER
control field (OCoLC)56359298
003 - CONTROL NUMBER IDENTIFIER
control field OCoLC
005 - DATE AND TIME OF LATEST TRANSACTION
control field 20190724102351.0
008 - FIXED-LENGTH DATA ELEMENTS--GENERAL INFORMATION
fixed length control field
020 ## - INTERNATIONAL STANDARD BOOK NUMBER
International Standard Book Number 0142401323 (pbk.) :
020 ## - INTERNATIONAL STANDARD BOOK NUMBER
International Standard Book Number 9780142401323
040 ## - CATALOGING SOURCE
Original cataloging agency OCO
Transcribing agency OCO
Modifying agency TCA
-- OCLCQ
-- OCL
-- BAKER
-- BTCTA
-- TW-KhWUC
041 0# - LANGUAGE CODE
Language code of text/sound track or separate title eng
043 ## - GEOGRAPHIC AREA CODE
Geographic area code e-uk-st
044 ## - COUNTRY OF PUBLISHING/PRODUCING ENTITY CODE
MARC country code xxu
082 04 - DEWEY DECIMAL CLASSIFICATION NUMBER
Classification number FIC YOL
100 1# - MAIN ENTRY--PERSONAL NAME
Personal name Yolen, Jane.
Relator term author
245 10 - TITLE STATEMENT
Title Girl in a cage /
Statement of responsibility, etc. Jane Yolen & Robert J. Harris.
260 ## - PUBLICATION, DISTRIBUTION, ETC.
Place of publication, distribution, etc. New York :
Name of publisher, distributor, etc. Speak,
Date of publication, distribution, etc. 2004, c2002.
300 ## - PHYSICAL DESCRIPTION
Extent 234 p. ;
Dimensions 22 cm.
520 ## - SUMMARY, ETC.
Summary, etc. As English armies invade Scotland in 1306, eleven-year-old Princess Marjorie, daughter of the newly crowned Scottish king, Robert the Bruce, is captured by England's King Edward Longshanks and held in a cage on public display.
600 00 - SUBJECT ADDED ENTRY--PERSONAL NAME
Personal name Marjorie,
Titles and other words associated with a name Princess of Scotland,
Dates associated with a name d. 1316
General subdivision Childhood and youth
Form subdivision Fiction.
650 #0 - SUBJECT ADDED ENTRY--TOPICAL TERM
Topical term or geographic name entry element Princesses
Form subdivision Fiction.
651 #0 - SUBJECT ADDED ENTRY--GEOGRAPHIC NAME
Geographic name Scotland
General subdivision History
Chronological subdivision Robert I, 1306-1329
Form subdivision Fiction.
700 1# - ADDED ENTRY--PERSONAL NAME
Personal name Harris, Robert J.,
Dates associated with a name 1955-
942 ## - ADDED ENTRY ELEMENTS (KOHA)
Source of classification or shelving scheme
Koha item type Books - Fiction
Holdings
Withdrawn status Lost status Source of classification or shelving scheme Damaged status Not for loan Collection code Permanent Location Current Location Shelving location Date acquired Total Checkouts Total Renewals Full call number Barcode Date last seen Date last checked out Price effective from Koha item type
          Fiction KH8 Senior School Library KH8 Senior School Library Fiction 2019-07-24 3 1 FIC YOL 3KHSL000101055 2024-07-22 2023-11-02 2019-07-24 Books - Fiction

Powered By KH8 IT Dept